000 01392namaa2200409 i 4500
003 EG-GICUC
005 20260127125006.0
008 260127s1992 ma dah|jr|||| 001 0 eng d
017 _a1992 / 02108
_bالمكتبة الوطنية (Boston)
020 _a0395551897
040 _aEG-GiCUC
_beng
_cEG-GiCUC
_dEG-GiCUC
_erda
082 0 4 _221
_a510
_bM3619
092 0 4 _221
099 _a510 M3619
100 1 _aBrown, Richard G.
_eAuthor.
245 _a Advanced mathematics :
_bprecalculus with discrete mathematics and data analysis /
_cAndrew M. Gleason; Andrew M. Gleason ... [et al.].
250 _afirst copy
264 _aBoston
_bHoughton Mifflin Co.
_c1992
300 _a898 pages
_billustrations
_c30 cm
336 _2rdacontent
_atext
337 _2rdamedia
_aUnmediated
338 _2rdacarrier
_avolume
504 _aBibliography: pages 822-898.
541 _aوزارة الثقافة ؛
_bالقاهرة ؛
_cإهداء ؛
_d2023.
650 1 _aPrecalculus.
_2qrmak
651 1 _2qrmak
700 1 _aBrown, Richard G.
_eAuthor.
700 1 _aAndrew M. Gleason
_eمعد.
700 1 _aMartha A.Brawn
_eمحرر.
700 1 _aDane R. Camp
_eمحرر.
700 1 _aMaria F. G. Fierro
_eمحرر.
700 1 _aWallis Green
_eمحرر.
700 1 _aLinda Hunter
_eمحرر.
700 1 _aCarolyn Kennedy
_eمحرر.
905 _aSamah
942 _2ddc
_cBK
_e21
_n0
999 _c178064
_d178064